|
|
|
|
| LEADER |
01987nam a2200397 i 4500 |
| 001 |
nkc20213301703 |
| 003 |
CZ PrNK |
| 005 |
20210517135333.0 |
| 007 |
ta |
| 008 |
210108s2020 xr g 000 p cze |
| 015 |
|
|
|a cnb003301703
|
| 020 |
|
|
|a 978-80-7530-258-8
|q (brožováno)
|
| 035 |
|
|
|a (OCoLC)1257528971
|
| 040 |
|
|
|a ABG001
|b cze
|e rda
|
| 072 |
|
7 |
|a 821.162.3-1
|x Česká poezie
|2 Konspekt
|9 25
|
| 080 |
|
|
|a 821.162.3-1
|2 MRF
|
| 080 |
|
|
|a (0:82-1/-3)
|2 MRF
|
| 100 |
1 |
|
|a Grabec, Jan,
|d 1988-
|7 osa2017968339
|4 aut
|
| 245 |
1 |
0 |
|a Tajná řeč chodců /
|c Jan Grabec
|
| 250 |
|
|
|a Vydání první
|
| 264 |
|
1 |
|a Praha :
|b Malvern,
|c 2020
|
| 300 |
|
|
|a 44 stran ;
|c 16 cm
|
| 336 |
|
|
|a text
|b txt
|2 rdacontent
|
| 337 |
|
|
|a bez média
|b n
|2 rdamedia
|
| 338 |
|
|
|a svazek
|b nc
|2 rdacarrier
|
| 520 |
2 |
|
|a Druhá básnická sbírka Jana Grabce se vyznačuje sevřenější jednotou času a místa, než je tomu ve sbírce předchozí.
|b Jako by se sbírka odehrávala při procházkách únorovou Prahou. Proti tomu identita subjektu se rozpadá do změti surreálných obrazů a asociací, které vytvářejí podmanivý paralelní svět modrého betonu, hotelů a krvácejících vzducholodí. Svět jistě absurdní, groteskní, ale ještě skandálněji komický. K smíchu je úzkost. Autor se zdánlivě odkazuje na osvědčené autory typu Alfreda Jarryho, Jamese Joyce či Johna Ashberyho, mnohem spíše ale nabízí vlastní náladu, spojenou se způsobem cizincova zabydlování se v současnosti. Grabcova Praha jsou zamrzlé Pompeje bez patosu sopky. Nakladatelská anotace.
|
| 655 |
|
7 |
|a česká poezie
|7 fd133958
|2 czenas
|
| 655 |
|
7 |
|a poezie v próze
|7 fd131938
|2 czenas
|
| 655 |
|
9 |
|a Czech poetry
|2 eczenas
|
| 655 |
|
9 |
|a prose poems
|2 eczenas
|
| 910 |
2 |
|
|a BOA001
|b 1-1459.924
|
| 920 |
|
|
|a 4574406
|z ABG001
|
| 990 |
|
|
|a BK
|
| 995 |
|
|
|a 01
|
| 991 |
|
|
|b 202105
|c NOV
|
| 996 |
6 |
|
|b 2610858531
|c 1-1459.924
|l MZK
|r Sklad / do 1 hodiny
|n 0
|p p.v.
|w 001845166
|u 000010
|a 1
|e BOA001
|j MZK50
|s P
|